| 000 | 00677nam a2200241Ia 4500 | ||
|---|---|---|---|
| 003 | OSt | ||
| 005 | 20221007095247.0 | ||
| 006 | a|||||r|||| 00| 0 | ||
| 007 | ta | ||
| 008 | 221006b |||||||| |||| 00| 0 eng d | ||
| 020 | _a8175340169 | ||
| 024 | _a1,201 | ||
| 037 | _cTextual | ||
| 040 |
_aLCO _cLCO _beng |
||
| 041 |
_2eng _aeng |
||
| 082 | _aX:321:(Z2)qN86, N6 | ||
| 100 | _aBarowalia J.N. | ||
| 245 | 0 |
_aConsumer Protection Act, 1986 _b Commentary |
|
| 260 |
_aDelhi _bUniversal Book Traders India _c1996 |
||
| 650 |
_aCONSUMER PROTECTION _9301299 |
||
| 942 |
_hX:321:(Z2)qN86, N6 _cTEXL |
||
| 999 |
_c1170764 _d1170764 |
||